6 Most Famous Cities in Central African Republic on a Map - Statistics

General Stats
  • This quiz has been taken 106 times
  • The average score is 3 of 6
Answers on the Map
Answers color-coded by a green-red scale on the quiz's map according to % correct below.
 
Answer Stats
Wiki Monthly Views Cityquiz Mention Rate Population Answers % Correct
25.52K 25.61% 812.41K Bangui
100%
1.36K 1.17% 348.80K Bimbo
54%
1.29K 0.55% 14.40K Obo
30%
1.54K 0.49% 83.03K Bambari
28%
1.11K 0.31% 71.68K Bouar
28%
1.06K 0.38% 54.06K Bangassou
26%
No matching quizzes found
Score Distribution
Percent of People with Each Score
Percentile by Number Answered
Your Score History
You have not taken this quiz